000 01000nam1a22002411i 4500
001 v19\rc\1201363
005 20241225193230.0
035 _a(NLR Aleph) 005190819
090 _a5210802
_c5210802
100 _a20060306d1866 |||y0rusy50 ca
101 0 _arus
102 _aRU
105 _ay z |||a|
200 1 _aС поздравлением светлого христова воскресенья...
_e[Стихотворение
210 _aВильна]
_cтип. А.К. Киркора
_dценз. 1866
300 _aВ конце текста авт.: капельдинер и афишер Виленск. театра Станислав Кандерский [!Кандзерский]
700 1 _aКандзерский
_bС.
_gСтанислав
790 1 _aКандерский
_bС.
_gСтанислав
801 0 _aRU
_bNLR
_c20060306
_gpsbo
801 1 _aRU
_bProSoft-M
_c20060306
_2rusmarc
801 2 _aRU
_bNLR
_c20060923
_2rusmarc
852 _aNLR
_jШифры разные
942 _cBOOK